Uudenmaan läänin kunnat 1935 - Statistics

Yleistilastot
  • Tätä visaa on pelattu 232 kertaa
  • Keskiarvotulos 42 / 55
Vastaustilastot
Kunnat % Oikein
Helsinki
99%
Espoo
95%
Porvoo
93%
Kerava
92%
Lohja
92%
Hanko
91%
Inkoo
91%
Sipoo
91%
Askola
90%
Kirkkonummi
90%
Loviisa
90%
Siuntio
90%
Tuusula
90%
Vihti
90%
Tammisaari
89%
Hyvinkää
88%
Karkkila
88%
Mäntsälä
87%
Nurmijärvi
86%
Helsingin mlk
85%
Pornainen
84%
Kauniainen
82%
Lapinjärvi
82%
Myrskylä
81%
Karjaa
79%
Porvoon mlk
79%
Karjalohja
76%
Pukkila
76%
Lohjan mlk
75%
Nummi
74%
Pusula
74%
Tammisaaren mlk
72%
Haaga
71%
Hyvinkään mlk
70%
Oulunkylä
69%
Kulosaari
68%
Artjärvi
67%
Bromarv
67%
Huopalahti
67%
Degerby
66%
Pohja
66%
Karjaan mlk
65%
Orimattila
64%
Pernaja
64%
Ruotsinpyhtää
64%
Sammatti
64%
Tenhola
64%
Liljendal
63%
Iitti
62%
Anjala
61%
Elimäki
61%
Pyhäjärvi Ul
60%
Snappertuna
60%
Kuusankoski
54%
Jaala
51%
Ehtoja vastaavia visoja ei löytynyt
Tulosjakauma
Jokaisen tuloksen saaneiden osuus
Persentiili vastausten määrän mukaan
Tuloshistoriasi
Et ole pelannut tätä visaa